000
00323nam a2200121Ia 4500
008
220613s9999||||xx |||||||||||||| ||und||
100
_a
M P CARRAR
245
0
_a
HAND BOOK OF CLINICAL MESSAGE A COMPLETE GUIDE FOR STUDENTS AND PRACTIINS
260
_b
CHURCHILL
300
_a
351
650
_a
Physiotherapy
942
_c
PARAC
999
_c
8289
_d
8289